<?xml version="1.0" encoding="UTF-8"?>
<record
    xmlns:xsi="http://www.w3.org/2001/XMLSchema-instance"
    xsi:schemaLocation="http://www.loc.gov/MARC21/slim http://www.loc.gov/standards/marcxml/schema/MARC21slim.xsd"
    xmlns="http://www.loc.gov/MARC21/slim">

  <leader>02793nam a2200253 a 4500</leader>
  <controlfield tag="001"> </controlfield>
  <controlfield tag="003">DO-SdBNP</controlfield>
  <controlfield tag="005">20220127124025.0</controlfield>
  <controlfield tag="008">190130s2016    dr ab         000 0 spa d</controlfield>
  <datafield tag="020" ind1=" " ind2=" ">
    <subfield code="a">9789945597110</subfield>
  </datafield>
  <datafield tag="040" ind1=" " ind2=" ">
    <subfield code="a">DO-SdBNP</subfield>
    <subfield code="b">spa</subfield>
    <subfield code="c">BPMSU </subfield>
  </datafield>
  <datafield tag="082" ind1=" " ind2=" ">
    <subfield code="a">333.91</subfield>
    <subfield code="b">R466c 2016 </subfield>
    <subfield code="2">22</subfield>
  </datafield>
  <datafield tag="100" ind1="1" ind2=" ">
    <subfield code="a">Reynoso S&#xE1;nchez, Gilberto</subfield>
  </datafield>
  <datafield tag="245" ind1="1" ind2="0">
    <subfield code="a">Contraste de la disponibilidad y demanda de agua por provincia :</subfield>
    <subfield code="b">situaci&#xF3;n actual y retos futuros /</subfield>
    <subfield code="c">Gilberto Reynoso S&#xE1;nchez.</subfield>
  </datafield>
  <datafield tag="260" ind1=" " ind2=" ">
    <subfield code="a">Santo Domingo :</subfield>
    <subfield code="b">Banreservas,</subfield>
    <subfield code="c">2016.</subfield>
  </datafield>
  <datafield tag="300" ind1=" " ind2=" ">
    <subfield code="a">108 p. :</subfield>
    <subfield code="b">il., mapas ;</subfield>
    <subfield code="c">28 cm.</subfield>
  </datafield>
  <datafield tag="504" ind1=" " ind2=" ">
    <subfield code="a">Bibliograf&#xED;a : p. 107-108</subfield>
  </datafield>
  <datafield tag="505" ind1="0" ind2=" ">
    <subfield code="a">Prefacio --</subfield>
    <subfield code="t">Resumen ejecutivo --</subfield>
    <subfield code="t">Introducci&#xF3;n --</subfield>
    <subfield code="t">El agua y la vida --</subfield>
    <subfield code="t">Simbolismo del agua --</subfield>
    <subfield code="t">Marco f&#xED;sico para el aprovechamiento de los recursos h&#xED;dricos de la Rep&#xFA;blica Dominicana --</subfield>
    <subfield code="t">Climatolog&#xED;a --</subfield>
    <subfield code="t">Temperatura --</subfield>
    <subfield code="t">Evaporaci&#xF3;n --</subfield>
    <subfield code="t">Radiaci&#xF3;n solar --</subfield>
    <subfield code="t">Precipitaci&#xF3;n --</subfield>
    <subfield code="t">Geolog&#xED;a --</subfield>
    <subfield code="t">Edafolog&#xED;a --</subfield>
    <subfield code="t">Hidrograf&#xED;a --</subfield>
    <subfield code="t">Poblaci&#xF3;n y turismo --</subfield>
    <subfield code="t">Riego e hidroelectricidad, e industria --</subfield>
    <subfield code="t">El ciclo hidrol&#xF3;gico --</subfield>
    <subfield code="t">Recursos h&#xED;dricos nacionales --</subfield>
    <subfield code="t">Escorrent&#xED;a superficial --</subfield>
    <subfield code="t">Escorrent&#xED;a subterr&#xE1;nea --</subfield>
    <subfield code="t">Disponibiblidad general de recursos h&#xED;dricos --</subfield>
    <subfield code="t">Calidad del agua --</subfield>
    <subfield code="t">Usos del agua --</subfield>
    <subfield code="t">Agua y agricultura --</subfield>
    <subfield code="t">Agua para abastecimiento humano --</subfield>
    <subfield code="t">Demanda ambiental --</subfield>
    <subfield code="t">Resumen general de la demanda de agua a nivel nacional --</subfield>
    <subfield code="t">Contraste de la disponibilidad y demanda de agua por provinncia --</subfield>
    <subfield code="t">La importancia del balance de agua a nivel providencial --</subfield>
    <subfield code="t">Disponibilidad de agua a nivel de provincia --</subfield>
    <subfield code="t">Demanda de agua --</subfield>
    <subfield code="t">Contraste entre disponibilidad y demanda de agua por provinncia --</subfield>
    <subfield code="t">Provincias de la Regi&#xF3;n Yaque del Sur --</subfield>
    <subfield code="t">Provincias de la Regi&#xF3;n Ozama Nizao --</subfield>
    <subfield code="t">Provincias de la Regi&#xF3;n Este --</subfield>
    <subfield code="t">Provincias de la Regi&#xF3;n Atl&#xE1;ntica --</subfield>
    <subfield code="t">Provincias de la Regi&#xF3;n Yuna - Cam&#xFA; --</subfield>
    <subfield code="t">Provincias de la Regi&#xF3;n Yaque del Norte --</subfield>
    <subfield code="t">Mapas &#xED;ndice de escacasez h&#xED;dricas --</subfield>
    <subfield code="t">Mapas &#xED;ndice de tensi&#xF3;n h&#xED;drica --</subfield>
    <subfield code="t">An&#xE1;lisis de problemas que afectan los recursos h&#xED;dricos nacionales --</subfield>
    <subfield code="t">El problema global del agua en el pa&#xED;s --</subfield>
    <subfield code="t">La contaminaci&#xF3;n de las fuentes de aguas --</subfield>
    <subfield code="t">Eficiencia del uso del agua --</subfield>
    <subfield code="t">Gesti&#xF3;n integrada del recursos h&#xED;dricos --</subfield>
    <subfield code="t">Uso de las tierra: deforestaci&#xF3;n y degradaci&#xF3;n del suelo --</subfield>
    <subfield code="t">Impactos significativos relacionados con los recursos h&#xED;dricos --</subfield>
    <subfield code="t">Sequ&#xED;as e inundaciones --</subfield>
    <subfield code="t">Efectos del cambio cl&#xED;matico --</subfield>
    <subfield code="t">Caracter&#xED;sticas generales de los recursos h&#xED;dricos en las provincias</subfield>
    <subfield code="t">Condiciones generales de los recursos h&#xED;dricos --</subfield>
    <subfield code="t">Conclusiones y recomendaciones --</subfield>
    <subfield code="t">Anexo.</subfield>
  </datafield>
  <datafield tag="590" ind1=" " ind2=" ">
    <subfield code="a">Inventariado, 2022/VM</subfield>
  </datafield>
  <datafield tag="650" ind1=" " ind2="4">
    <subfield code="a">Recursos h&#xED;dricos</subfield>
    <subfield code="x">Aspectos econ&#xF3;micos </subfield>
    <subfield code="z">Rep&#xFA;blica Dominicana</subfield>
  </datafield>
  <datafield tag="650" ind1=" " ind2="4">
    <subfield code="z">Rep&#xFA;blica Dominicana</subfield>
    <subfield code="a">Derecho de aguas </subfield>
  </datafield>
  <datafield tag="910" ind1=" " ind2=" ">
    <subfield code="a">VMateo V. </subfield>
  </datafield>
  <datafield tag="942" ind1=" " ind2=" ">
    <subfield code="2">ddc</subfield>
    <subfield code="c">BK</subfield>
  </datafield>
  <datafield tag="952" ind1=" " ind2=" ">
    <subfield code="0">0</subfield>
    <subfield code="1">0</subfield>
    <subfield code="2">ddc</subfield>
    <subfield code="4">0</subfield>
    <subfield code="7">0</subfield>
    <subfield code="8">CD</subfield>
    <subfield code="a">BPMET</subfield>
    <subfield code="b">BPMET</subfield>
    <subfield code="d">2022-01-27</subfield>
    <subfield code="e">Amigo del Hogar </subfield>
    <subfield code="l">0</subfield>
    <subfield code="o">BPMSU CD 333.91 R466c 2016 </subfield>
    <subfield code="p">BPMSU22010079</subfield>
    <subfield code="r">2022-01-27</subfield>
    <subfield code="w">2022-01-27</subfield>
    <subfield code="y">BK</subfield>
  </datafield>
  <datafield tag="999" ind1=" " ind2=" ">
    <subfield code="c">13986</subfield>
    <subfield code="d">13986</subfield>
  </datafield>
</record>
